000
00299nam a2200121Ia 4500
008
140130s9999 xx 000 0 und d
245
_c
Margaret Davidson
_a
Story Of Thomas Alva Edison
260
_b
Scholastic,
_c
1964
440
_v
1
521
_a
Grade 1 - Grade 2
942
_c
BK
999
_c
40280
_d
40280